000 00188 a2200097 4500
020 _a9781536213362
041 _aspa
100 _aJuana Martinez
245 _aLa selva de zonia
942 _cK
999 _c28799
_d28799